| 000 | 00624nam a2200205Ia 4500 | ||
|---|---|---|---|
| 003 | GCL | ||
| 008 | 140319s9999 xx 000 0 ara d | ||
| 040 |
_aGCL / _cGCL |
||
| 082 | 0 | 4 |
_a817.9 _bا م |
| 100 | 1 | _aاسعاد يونس | |
| 245 | 1 | 0 |
_aمذكرات نورا المذعورة / _cاسعاد يونس |
| 700 | 1 | _aعبدالوهاب مطاوع | |
| 260 |
_a[S.N] : _bالدار المصرية اللبنانية ، _c1992 |
||
| 300 | _a222 ص | ||
| 490 | _a | ||
| 650 | 0 | 4 | _aالادب العربى |
| 650 | 0 | 4 | _aالاهاجى والفكاهات |
| 650 | 0 | 4 | _aالسخرية فى الادب |
| 942 |
_2ddc _cBK |
||
| 999 |
_c29736 _d29736 |
||